000 01044nam a22003497a 4500
001 0023358
003 KOHA_MİRAKIL
005 20260207002409.0
007 ta
008 101026b1995 tu |||gr||||#0|||1|tur |
020 _a9757594210
040 _aTR-BiSEU
_btur
_cTR-BiSEU
_erda
041 0 _atur
044 _ctu
050 _aPL234.S47
_bA33 1995
100 1 _aSerdengeçti, Osman Yüksel.
245 1 _aAkdeniz hilalindir/
_cOsman Yüksel Serdengeçti ; Osman Yüksel Serdengeçti.
264 1 _aİstanbul :
_bTürk Edebiyatı Vakfı
_c1995
300 _a192 sayfa; 20 cm.
336 _ametin
_btxt
_2rdacontent
337 _aaracısız
_bn
_2rdamedia
338 _acilt
_bnc
_2rdacarrier
490 1 _aTürk Edebiyat Vakfı.
490 1 _aOsman Yüksel Erdengeçti serisi ;
_v5
650 0 _aTürkşiiri.
_945803
650 0 _aTurkishpoetry.
_945804
650 0 _a
_95500
830 1 _aTürk Edebiyat Vakfı.
_948258
830 1 _aOsman Yüksel Erdengeçti serisi ;
_v5
_948259
907 _aŞiir
942 _2lcc
_cBK
999 _c23313
_d23313